000 00313nam a2200121Ia 4500
008 190216s9999||||xx |||||||||||||| ||und||
100 _aGertrude Emerson Sen
245 4 _aThe Story Of Early Indian Civilization
260 _bOrient Longman
_c1964
300 _a273p
650 _aIndian Civilization
942 _cBK
999 _c19458
_d19458